000 01001nam a2200253Ia 4500
003 GCL
008 140319s9999 xx 000 0 ara d
020 _a3145366977
040 _aGCL /
_cGCL
082 0 4 _a962.054
_bح ن
100 1 _aحنفى المحلاوى
245 1 0 _aناهد والملك فاروق :
_bالمرأة التى عرفت اسرار ثورة يوليو /
_cحنفى المحلاوى
700 1 _aمختار السويفى
250 _aالاولى
260 _aالقاهرة :
_bمكتبة الدار العربية للكتاب ،
_c1994
300 _a277 ص:
_bايض ؛
_c20 سم
650 0 4 _aالملك فاروق
650 0 4 _aمصر - تاريخ - العصر الحديث (1805 - 1956 )
650 0 4 _aالنساء - تراجم
650 0 4 _aمصر - تاريخ - العصر الحديث - الملك فاروق ( 1936-1952 م )
650 0 4 _aناهد رشاد - المذكرات الشخصية
650 0 4 _aالملوك - تراجم
942 _2ddc
_cBK
999 _c4710
_d4710